000 00600nam a22001817a 4500
003 OSt
005 20251023065439.0
008 251023b |||||||| |||| 00| 0 eng d
020 _a978-81-7245-522-4
040 _aDWCL - Main Lib
_cOC
082 _aProf. 658.452 B575o 2024
100 _aBhalla, Prem P.
245 _a101 Ways to powerful presentations /
_cPrem P. Bhalla
260 _aNew Delhi, India :
_b Goodwill Publishing House ,
_cc2014.
300 _aviii, 136 pages :
_billustrations ;
_cc22cm.
650 _a1. Effective communication -- presentation
942 _2ddc
_cPROF.
_mprof.
_n0
999 _c5056
_d5056